Villes de l'Aveyron (12) - Mort subite - Statistiques

Statistiques générales
  • Ce quiz a été pris 180 fois
  • Le résultat moyen est 9 sur 20
Answers on the Grid
Answers color-coded by a green-red scale on the quiz's grid according to % correct below.
Rodez
Millau
Villlefranche-de-Rouergue
Saint-Affrique
Decazeville
Onet-le-Château
Espalion
Laguiole
La Cavalerie
Najac
Naucelle
Camarès
Conques
Agen-d’Aveyron
Le Bas Ségala
Rignac
Estaing
La Couvertoirade
Sévérac-d'Aveyron
Roquefort-sur-Soulzon
Caylus
Carmaux
Villeneuve-sur-Lot
Lacaune
Saint-Cirq-Lapopie
Saint-Antonin-Noble-Val
Capdenac
Souillac
Pézenas
Plaisance-du-Touch
 
Statistiques - réponses
Réponse % Correct
Millau
68%
Rodez
68%
Saint-Affrique
58%
Decazeville
56%
Onet-le-Château
55%
Sévérac-d'Aveyron
55%
Villlefranche-de-Rouergue
55%
Espalion
53%
Laguiole
51%
Najac
49%
Conques
44%
Naucelle
44%
Agen-d’Aveyron
42%
Estaing
40%
Roquefort-sur-Soulzon
40%
Rignac
38%
La Cavalerie
34%
La Couvertoirade
30%
Camarès
25%
Le Bas Ségala
22%
Aucun quiz correspondant
Distribution des résultats
% des personnes avec chaque résultat
Percentile par nombre de réponses
Votre historique - résultats
Vous n’avez pas pris ce quiz